000 00519cam a22001812 4500
001 0000004882
005 20151217155826.0
008 070531s xx 000 0 eng d
040 _aKABU
_cKABU
050 0 _aRA644
_b.A25I58
245 1 0 _aInventory of HIV counseling testing, care and support services in Nairobi.
260 _aNairobi :
_bUSAID,
_c1999.
300 _a9 p.
650 0 _aAIDS (Disease)
_@0000148458
908 _a070531
950 _@1
999 _c12943
_d12943